Statystyki dla Najwięksi polscy youtuberzy TOP 50

Kliknij tutaj aby rozwiązać quiz!

Ogólne statystyki

  • Ten quiz został rozwiązany 377 razy
  • Średni wynik to 11 z 50

Statystyki odpowiedzi

MiejsceOdpowiedzi% Poprawnych
Miejsce 3Friz
96%
Miejsce 2Blowek
92%
Miejsce 4Rezigiusz
71%
Miejsce 5Stuu
70%
Miejsce 23Wersow
66%
Miejsce 36Tromba
56%
Miejsce 7Sa wardęga
44%
Miejsce 9Naruciak
42%
Miejsce 14Isamu
36%
Miejsce 49Marcin Dubiel
32%
Miejsce 8AbstrachujeTV
30%
Miejsce 1Bazyland
29%
Miejsce 42Mandzio
29%
Miejsce 16Vito
29%
Miejsce 17Thenitrozyniak
28%
Miejsce 12Planeta faktów
25%
Miejsce 31wojan
24%
Miejsce 34Young multi
24%
Miejsce 18Kaluch
22%
Miejsce 10SBM label
20%
Miejsce 245 sposobów na
19%
Miejsce 22Karolek
18%
Miejsce 33tomasz gimper działowy
18%
Miejsce 25kamerzysta
17%
Miejsce 6Step records
17%
Miejsce 26izak live
15%
Miejsce 47Beksy
14%
Miejsce 39DeeJayPallaside
13%
Miejsce 46Jdabrowsky
13%
Miejsce 15Disco Marek
9%
Miejsce 41Dizowskyy
9%
Miejsce 50Fit Lovers
9%
Miejsce 19QueQuality
9%
Miejsce 38Jasna strona
8%
Miejsce 44Bracia malczyńscy
7%
Miejsce 37Gplay
7%
Miejsce 20tvnpl
7%
Miejsce 35KaliGanjaMafia
5%
Miejsce 32prostoTV
5%
Miejsce 305 minutowe sztuczki
4%
Miejsce 43BORCREW
4%
Miejsce 28baby's adventure
2%
Miejsce 27boomerang polska
2%
Miejsce 13BROS SHOW
2%
Miejsce 11Car music
2%
Miejsce 29Juzzygameplay
2%
Miejsce 40MagicRecordsPoland
2%
Miejsce 48MNXHD
2%
Miejsce 45Spiewające brzdące
2%
Miejsce 21SPlnkafilm studio
1%

Rozkład punktacji

Percentyl według liczby udzielonych odpowiedzi

Procent ludzi z każdym wynikiem

Twoja historia wyników

Nie rozwiązałeś tego quizu